Catálogo
 En Linea

Concordancia de palabras Ugaríticas. : (Registro nro. 40721)

Detalles MARC
000 -CABECERA
campo de control de longitud fija 00810nam a2200193 a 4500
001 - NÚMERO DE CONTROL
campo de control 000041231
005 - FECHA Y HORA DE LA ÚLTIMA TRANSACCIÓN
campo de control 20201002034723.0
008 - DATOS DE LONGITUD FIJA--INFORMACIÓN GENERAL
campo de control de longitud fija 130926s1995 sp 000 0 spa d
020 ## - NÚMERO INTERNACIONAL ESTÁNDAR DEL LIBRO
Número Internacional Estándar del Libro 8400074890
040 ## - FUENTE DE LA CATALOGACIÓN
Centro catalogador/agencia de origen DO-SdBNP
100 1# - ENTRADA PRINCIPAL--NOMBRE DE PERSONA
Nombre de persona Cunchillos, Jesús Luis
9 (RLIN) 15333
245 10 - MENCIÓN DE TÍTULO
Título Concordancia de palabras Ugaríticas. :
Resto del título en morfología desplegada /
Mención de responsabilidad, etc. Jesús Luis Cunchillos, Juan Pablo Vita.
260 ## - PUBLICACIÓN, DISTRIBUCIÓN, ETC.
Lugar de publicación, distribución, etc. Madrid
-- Zaragoza :
Nombre del editor, distribuidor, etc. Consejo Superior de Investigaciones Científicas
-- Institución Fernando el Católico,
Fecha de publicación, distribución, etc. 1995.
300 ## - DESCRIPCIÓN FÍSICA
Extensión 3 v. ;
Dimensiones 25 cm.
490 1# - MENCIÓN DE SERIE
Mención de serie Banco de datos filológicos semíticos noroccidentales
Designación de volumen o secuencia 2
505 0# - NOTA DE CONTENIDO CON FORMATO
Información miscelánea v. 1
Título ´- y
Información miscelánea v. 2
Título k - t
Información miscelánea v. 3
Título Apéndices e índices
700 1# - PUNTO DE ACCESO ADICIONAL--NOMBRE DE PERSONA
Nombre de persona Vita, Juan Pablo
9 (RLIN) 67811
830 #0 - PUNTO DE ACCESO ADICIONAL DE SERIE-TÍTULO UNIFORME
Título uniforme Banco de datos filológicos semíticos noroccidentales
Designación de volumen o secuencia 2
9 (RLIN) 67812
Existencias
Estado de retiro Estado de pérdida Restricciones de uso No para préstamo Código de colección Localización permanente Ubicación/localización actual Ubicación en estantería Fecha de adquisición Número de inventario Total de préstamos Signatura topográfica completa Código de barras Fecha visto por última vez Precio válido a partir de Tipo de ítem Koha
      Excluido de préstamo Monografías: Libros y Folletos General General En catalogación 26.09.2013 LF1   v. 1 41231-10 25.06.2020 25.06.2020 No se presta
      Excluido de préstamo Monografías: Libros y Folletos General General En catalogación 26.09.2013 LF1   v. 2 41231-20 25.06.2020 25.06.2020 No se presta
      Excluido de préstamo Monografías: Libros y Folletos General General En catalogación 26.09.2013 LF1   v. 3 41231-30 25.06.2020 25.06.2020 No se presta

Con tecnología Koha